Estado y políticas públicas: el caso de la inversión pública; 1975-1982 /
Analiza la participación y gestión pública en el desarrollo económico costarricense de los años 1975-1982. Destaca, fundamentalmente, dentro de las política públicas, las políticas de inversión, pues reflejan el accionar del estado en el desarrollo económico y permiten reflexionar acerca de por qué...
Saved in:
| Main Author: | |
|---|---|
| Format: | Text |
| Subjects: | |
| Tags: |
Add Tag
No Tags, Be the first to tag this record!
|
MARC
| LEADER | 00000 a a2200000 04500 | ||
|---|---|---|---|
| 001 | 98 | ||
| 003 | |||
| 040 | |||
| 100 | |a Arias Formoso, Angela | ||
| 245 | |a Estado y políticas públicas: |b el caso de la inversión pública; 1975-1982 / |c Angela Arias Formoso | ||
| 520 | |a Analiza la participación y gestión pública en el desarrollo económico costarricense de los años 1975-1982. Destaca, fundamentalmente, dentro de las política públicas, las políticas de inversión, pues reflejan el accionar del estado en el desarrollo económico y permiten reflexionar acerca de por qué el estado invierte sus recursos en período de crisis y, principalmente, cuáles son las instituciones estatales que más invierten. CEM/mb | ||
| 650 | |a ESTADO | ||
| 650 | |a POLITICA GUBERNAMENTAL | ||
| 650 | |a POLITICA ECONOMICA | ||
| 650 | |a INVERSIONES PUBLICAS | ||
| 650 | |a DESARROLLO ECONOMICO | ||
| 650 | |a PLANES DE DESARROLLO | ||
| 650 | |a CONDICIONES ECONOMICAS | ||
| 650 | |a SUBDESARROLLO | ||
| 650 | |a DEUDA EXTERNA | ||
| 650 | |a INVERSIONES PUBLICAS | ||
| 773 | |g número 5 -6; páginas 95-118 | ||
| 999 | |c 31059 |d 31059 | ||
| 773 | 0 | |0 18806 |9 2162 |a Universidad Nacional de Costa Rica |d Heredia: C.R.: EUNA |o 02232 |t ABRA |x 14093928 | |
